000 01984nam a2200385 i 4500
001 in903106097
005 20260107111246.0
008 251119s2025 pau 000 1 eng d
020 _a9781649374677
_q(hardback ;
_qdeluxe edition)
020 _a9781035050758
_q(paperback)
035 _a(OCoLC)1552587666
040 _aTnLvILS
_beng
_cTnLvILS
_erda
_dTnLvILS
050 4 _aPS3622.A5854845
_bF35 2025
082 0 4 _a813/.6
_223/eng/20251119
092 _afiction
_bVan Dyken, Rachel
100 1 _aVan Dyken, Rachel,
_eauthor.
245 1 0 _aFallen gods /
_cRachel Van Dyken.
250 _aFirst edition.
264 1 _aShrewsbury, PA :
_bRed Tower Books,
_c2025.
300 _a395 pages ;
_c24 cm
336 _atext
337 _aunmediated
338 _avolume
490 0 _aFallen Gods ;
_v1
520 _a"The Gods aren't dead--they're only sleeping, locked in mortal bodies, scattered across the world, waiting for the right spark to wake them. And my father is the most ruthless of them all. He raised me to obey. To bleed. To be his blade when the time came. Now he's sending me to Endir University, a place filled with ancient bloodlines and deadly secrets, to steal back Mjolnir, the hammer of legend. If I fail, everyone I love dies. But Aric Erikson wasn't part of the plan. He's the enemy's heir. Distant. Dangerous. And the one person I can't afford to fall for. He's closed himself off completely behind a wall of ice, but the more I'm ordered to unravel him, the harder it becomes to remember where the lies end and I begin"--
650 0 _aGods
_vFiction.
_95700503
650 0 _aGiants
_vFiction.
_95687807
650 0 _aFathers and daughters
_vFiction.
_95673846
650 0 _aHammers
_vFiction.
_96521314
650 0 _aMan-woman relationships
_vFiction.
_95674079
655 7 _aRomance fiction.
_2lcgft
655 7 _aFantasy fiction.
_2lcgft
655 7 _aMythological fiction
_vFiction.
_96558225
942 _2ddc
_cBOOK
999 _c414679
_d414679